[Event "Pyramiden Franken Cup"]
[Site "Fuerth"]
[Date "2015.09.06"]
[Round "7"]
[White "Navratil, Robert"]
[Black "Bitter, Frank"]
[Result "1-0"]
[WhiteElo "2121"]
[BlackElo "1914"]
[PlyCount "49"]
[EventDate "2015.09.03"]
[EventType "swiss"]
[EventRounds "7"]
[EventCountry "GER"]
[SourceTitle "EXT 2016"]
[Source "ChessBase"]
[SourceDate "2015.10.08"]
[SourceVersion "1"]
[SourceVersionDate "2015.10.08"]
[SourceQuality "1"]

1. g3 e5 2. Bg2 d5 3. c4 c6 4. cxd5 cxd5 5. d4 e4 6. f3 f5 7. Nh3 Nf6 8. 0-0 Be7 9. Bg5 Qb6 10. Nc3 Be6 11. Nf4 Nbd7 12. e3 0-0 13. fxe4 fxe4 14. Qb3 Qxb3 15. axb3 Bf7 16. Bh3 Nb6 17. Ne6 Bxe6 18. Bxe6+ Kh8 19. Bxf6 Bxf6 20. Bxd5 Bg5 21. Bxb7 Bxe3+ 22. Kg2 Rxf1 23. Rxf1 Rb8 24. d5 Kg8 25. Bc6 1-0

[Event "Pyramiden Franken Cup"]
[Site "Fuerth"]
[Date "2014.09.04"]
[Round "1"]
[White "Bitter, Frank"]
[Black "Schunk, Eduard"]
[Result "1/2-1/2"]
[WhiteElo "1861"]
[BlackElo "2316"]
[PlyCount "87"]
[EventDate "2014.09.04"]
[EventType "swiss"]
[EventRounds "7"]
[EventCountry "GER"]
[SourceTitle "CBM 162 Extra"]
[Source "ChessBase"]
[SourceDate "2014.10.17"]
[SourceVersion "1"]
[SourceVersionDate "2014.10.17"]
[SourceQuality "1"]

1. d4 Nf6 2. c4 g6 3. Nc3 Bg7 4. e4 d6 5. g3 0-0 6. Bg2 Nfd7 7. Be3 c5 8. Nge2 Nc6 9. 0-0 cxd4 10. Nxd4 Nde5 11. Nxc6 bxc6 12. Qe2 Be6 13. b3 Nxc4 14. Rac1 Nxe3 15. Qxe3 Qb6 16. Qd3 Rac8 17. Rfd1 h5 18. Rc2 Qa5 19. Ne2 Bd7 20. Nf4 Rfd8 21. Bh3 Bxh3 22. Nxh3 Bh6 23. f4 e6 24. Nf2 Bg7 25. Qf3 Qb6 26. Kg2 f5 27. exf5 exf5 28. Rdc1 d5 29. Nd3 Re8 30. Re2 Re4 31. Nc5 Rce8 32. Nxe4 fxe4 33. Qf1 d4 34. Rec2 d3 35. Rxc6 Qd4 36. f5 gxf5 37. Qxf5 d2 38. Rc8 Rf8 39. Rxf8+ Bxf8 40. Qg5+ Kh8 41. Qxh5+ Kg8 42. Qg5+ Kh8 43. Qh5+ Kg8 44. Qg5+ 1/2-1/2

[Event "Wuerttemberg-ch KT"]
[Site "Illertissen"]
[Date "2012.08.31"]
[Round "7"]
[White "Bitter, Frank"]
[Black "Keller, Joachim"]
[Result "0-1"]
[WhiteElo "1915"]
[BlackElo "1868"]
[PlyCount "70"]
[EventDate "2012.08.25"]
[EventType "swiss"]
[EventRounds "9"]
[EventCountry "GER"]
[SourceTitle "EXT 2017"]
[Source "ChessBase"]
[SourceDate "2016.10.25"]
[SourceVersion "1"]
[SourceVersionDate "2016.10.25"]
[SourceQuality "1"]

1. d4 Nf6 2. c4 d6 3. Nc3 c6 4. e4 e5 5. d5 Be7 6. f3 0-0 7. Be3 Na6 8. Bd3 Ne8 9. Nge2 Nac7 10. Qd2 cxd5 11. cxd5 g6 12. 0-0 f5 13. f4 Ng7 14. Ng3 b5 15. a3 Bd7 16. exf5 gxf5 17. Qe2 e4 18. Bxb5 Bxb5 19. Nxb5 Nxb5 20. Qxb5 Bf6 21. Rab1 Rb8 22. Qe2 Qa5 23. Rfd1 Rb3 24. Qf2 Rb5 25. Bxa7 Rxd5 26. Bd4 Bd8 27. Kh1 Ne6 28. Bc3 Qb5 29. Rxd5 Qxd5 30. b4 Qd3 31. Qa2 d5 32. Be5 Bb6 33. a4 Rc8 34. Rf1 Rc2 35. Qb1 Qd2 0-1

[Event "Wuerttemberg-ch KT"]
[Site "Illertissen"]
[Date "2012.08.27"]
[Round "3"]
[White "Hofer, Emilian"]
[Black "Bitter, Frank"]
[Result "1/2-1/2"]
[WhiteElo "1969"]
[BlackElo "1915"]
[PlyCount "77"]
[EventDate "2012.08.25"]
[EventType "swiss"]
[EventRounds "9"]
[EventCountry "GER"]
[SourceTitle "EXT 2017"]
[Source "ChessBase"]
[SourceDate "2016.10.25"]
[SourceVersion "1"]
[SourceVersionDate "2016.10.25"]
[SourceQuality "1"]

1. e4 c6 2. d4 d5 3. Nc3 dxe4 4. Nxe4 Bf5 5. Ng3 Bg6 6. h4 h6 7. Nf3 e6 8. Ne5 Bh7 9. Bc4 Nf6 10. Nh5 Nbd7 11. Nxd7 Qxd7 12. Nxf6+ gxf6 13. Be3 Rg8 14. c3 0-0-0 15. Qf3 Bf5 16. g3 Kb8 17. Qg2 h5 18. 0-0-0 Bd6 19. Be2 Bg4 20. f3 Bf5 21. Bf2 Qc7 22. Rdg1 Qa5 23. Bc4 c5 24. Bb3 cxd4 25. Bxd4 Bxg3 26. Be3 Qe5 27. Bd2 Rg6 28. Rd1 Bf4 29. Qf2 Bxd2+ 30. Rxd2 Rxd2 31. Qxd2 Qc7 32. Rd1 Kc8 33. Qd4 a6 34. Qa7 Rg8 35. Rd4 Rg1+ 36. Bd1 Rg8 37. Bb3 Rg1+ 38. Bd1 Rg8 39. Bb3 1/2-1/2

[Event "Augsburg Afro op-A 18th"]
[Site "Augsburg"]
[Date "2011.08.06"]
[Round "5"]
[White "Bitter, Frank"]
[Black "Singer, Christoph"]
[Result "1/2-1/2"]
[WhiteElo "1844"]
[BlackElo "2380"]
[PlyCount "61"]
[EventDate "2011.08.04"]
[EventType "swiss"]
[EventRounds "7"]
[EventCountry "GER"]
[SourceTitle "EXT 2015"]
[Source "ChessBase"]
[SourceDate "2014.11.20"]
[SourceVersion "1"]
[SourceVersionDate "2014.11.20"]
[SourceQuality "1"]

1. d4 d5 2. c4 e6 3. Nc3 Be7 4. Bf4 Nf6 5. e3 0-0 6. Qc2 a6 7. cxd5 exd5 8. Bd3 Re8 9. Nge2 Be6 10. h3 Nbd7 11. g4 Nf8 12. Bg3 Rc8 13. Nf4 c5 14. g5 Ne4 15. Bxe4 dxe4 16. d5 Bf5 17. 0-0-0 Bd6 18. Nh5 Bg6 19. Nf4 Qxg5 20. Nxg6 Qxg6 21. Bxd6 Qxd6 22. Nxe4 Qe5 23. Nc3 b5 24. Rhe1 Nd7 25. f4 Qd6 26. Ne4 Qh6 27. Ng5 f6 28. Ne6 Qxh3 29. Rh1 Qxe3+ 30. Kb1 Nf8 31. Nxf8 1/2-1/2

[Event "Augsburg Afro op-A 18th"]
[Site "Augsburg"]
[Date "2011.08.06"]
[Round "6"]
[White "Niedermeier, Thomas"]
[Black "Bitter, Frank"]
[Result "1-0"]
[WhiteElo "2153"]
[BlackElo "1844"]
[PlyCount "101"]
[EventDate "2011.08.04"]
[EventType "swiss"]
[EventRounds "7"]
[EventCountry "GER"]
[SourceTitle "EXT 2015"]
[Source "ChessBase"]
[SourceDate "2014.11.20"]
[SourceVersion "1"]
[SourceVersionDate "2014.11.20"]
[SourceQuality "1"]

1. e4 c6 2. d4 d5 3. exd5 cxd5 4. Bd3 Nc6 5. c3 e5 6. dxe5 Nxe5 7. Bb5+ Nc6 8. Nf3 Bc5 9. 0-0 Nge7 10. Nbd2 0-0 11. Nb3 Bb6 12. Nfd4 a6 13. Be2 Nf5 14. Bf3 Nfxd4 15. cxd4 Qd6 16. Be3 Bf5 17. Nc5 Bxc5 18. dxc5 Qe5 19. Qxd5 Qf6 20. Qd6 Qxb2 21. Bxc6 bxc6 22. Qxc6 Rfb8 23. h3 Be6 24. a4 Rc8 25. Qe4 Qf6 26. Rfc1 Bd7 27. Bd4 Qg5 28. Qe5 Qg6 29. Rc3 f6 30. Qd6 Qf7 31. c6 Be6 32. Bb6 Rf8 33. a5 Rae8 34. Rac1 Bc8 35. Rg3 Re6 36. Qf4 Rfe8 37. Kh2 Re4 38. Qd6 R4e6 39. Qd3 Qe7 40. Qc4 Kh8 41. Rd1 Re4 42. Qd5 Re5 43. Qd3 Qf7 44. c7 R5e7 45. Qc3 Re6 46. Rd8 Kg8 47. Bd4 Kf8 48. Bc5+ Kg8 49. Bb6 Qe7 50. Qf3 Kf8 51. Qa8 1-0

[Event "GER-chT U14"]
[Site "Magdeburg"]
[Date "2010.12.29"]
[Round "5.1"]
[White "Bitter, Frank"]
[Black "Buchberger, Sascha"]
[Result "1-0"]
[WhiteElo "1641"]
[BlackElo "1713"]
[PlyCount "117"]
[EventDate "2010.12.27"]
[EventType "team-swiss"]
[EventRounds "7"]
[EventCountry "GER"]
[SourceTitle "CBM 140 Extra"]
[Source "ChessBase"]
[SourceDate "2011.03.01"]
[SourceVersion "1"]
[SourceVersionDate "2011.03.01"]
[SourceQuality "1"]
[WhiteTeam "Ulm"]
[BlackTeam "Kriegshaber"]
[WhiteTeamCountry "GER"]
[BlackTeamCountry "GER"]

1. d4 Nf6 2. c4 c5 3. d5 b5 4. cxb5 a6 5. e3 axb5 6. Bxb5 Bb7 7. Nc3 Na6 8. e4 Qa5 9. f3 g6 10. Nge2 Nc7 11. Qb3 Rb8 12. Qa4 Qb6 13. Be3 Ba8 14. Bd3 Bg7 15. 0-0 0-0 16. a3 d6 17. b4 Rb7 18. bxc5 dxc5 19. Rab1 Qd6 20. Rxb7 Bxb7 21. Rb1 Ra8 22. Qb3 Ba6 23. Bxa6 Nxa6 24. Bf4 Qd8 25. Qb6 Qc8 26. Qb7 Nd7 27. Qxc8+ Rxc8 28. Kf2 Ne5 29. Bxe5 Bxe5 30. f4 Bg7 31. Rb6 Nb8 32. a4 Kf8 33. a5 Nd7 34. Rb7 Ke8 35. Ke3 Ra8 36. Rb5 Kd8 37. Kd3 Kc7 38. Na4 Kd6 39. Kc4 Rc8 40. Nb6 Rb8 41. Nxd7 Rxb5 42. Kxb5 Kxd7 43. Kxc5 Kc7 44. Nd4 Bf8 45. Kb5 Bg7 46. Nc6 Bf8 47. a6 e6 48. dxe6 fxe6 49. a7 Kb7 50. Nd8+ Kxa7 51. Nxe6 Ba3 52. Kc6 Bc1 53. Kd7 Kb6 54. e5 h5 55. Nf8 g5 56. f5 Ba3 57. Ng6 Kc5 58. e6 Kd5 59. f6 1-0